[Event "21st Panam-ch"]
[Site "Mar del Plata ARG"]
[Date "2012.10.16"]
[Round "6.3"]
[White "Leitao, Rafael"]
[Black "Tristan, Leonardo"]
[Result "1-0"]
[WhiteElo "2617"]
[BlackElo "2442"]
[EventDate "2012.10.12"]
[PlyCount "64"]

1.d4 f5 2.g3 Nf6 3.Bg2 d6 4.Nf3 g6 5.O-O Bg7 6.b3 O-O 7.Bb2 Ne4 8.Nbd2 
Nxd2 9.Qxd2 Nc6 10.c4 e5 11.dxe5 dxe5 12.Qd5+ Kh8 13.Qc5 e4 14.Rad1 Bxb2 
15.Rxd8 Rxd8 16.Ng5 Bd4 17.Qa3 Kg7 18.Nh3 Be5 19.Nf4 Rd2 20.b4 a5 21.b5 
Nb4 22.Qe3 Rd4 23.a3 Rxc4 24.axb4 a4 25.Qa3 Rc2 26.Re1 g5 27.Nd5 Be6 28.b6
cxb6 29.b5 Bb2 30.Qe7+ Bf7 31.Qxg5+ Kh8 32.Nxb6 Rc3 1-0

[Event "21st Panam-ch"]
[Site "Mar del Plata ARG"]
[Date "2012.10.16"]
[Round "6.4"]
[White "Slipak, Sergio"]
[Black "Kaidanov, Gregory"]
[Result "1/2-1/2"]
[WhiteElo "2447"]
[BlackElo "2587"]
[EventDate "2012.10.12"]
[PlyCount "36"]

1.Nf3 d5 2.b3 Nf6 3.Bb2 e6 4.g3 c5 5.Bg2 Nc6 6.d4 Be7 7.e3 O-O 8.O-O b5 9.
Nbd2 Rb8 10.dxc5 Bxc5 11.e4 Bb7 12.exd5 exd5 13.Ne5 Re8 14.Nd3 Bb6 15.a4 
b4 16.a5 Bc7 17.Nf3 Bxa5 18.Nd4 Bc7 1/2-1/2

[Event "21st Panam-ch"]
[Site "Mar del Plata ARG"]
[Date "2012.10.16"]
[Round "6.6"]
[White "Roselli Mailhe, Bernardo"]
[Black "Felgaer, Ruben"]
[Result "0-1"]
[WhiteElo "2430"]
[BlackElo "2579"]
[EventDate "2012.10.12"]
[PlyCount "96"]

1.Nf3 g6 2.d4 Bg7 3.c4 c5 4.d5 d6 5.e4 Nf6 6.Nc3 O-O 7.Be2 e6 8.O-O Re8 9.
dxe6 Bxe6 10.Bf4 Qb6 11.Qb3 Nc6 12.Rfd1 Bg4 13.h3 Nxe4 14.Nd5 Qxb3 15.axb3
Bxf3 16.Bxf3 Bxb2 17.Rab1 Bd4 18.Nc7 Nc3 19.Nxe8 Nxd1 20.Rxd1 Rxe8 21.Bxd6
Re6 22.Bc7 Kg7 23.Kf1 Kf6 24.h4 h5 25.Bf4 Ne5 26.Bxe5+ Rxe5 27.Bxb7 Re6 
28.Rd3 Ke7 29.Rf3 f5 30.Rd3 Rb6 31.Bf3 Ra6 32.Bd1 Ra2 33.Be2 Rb2 34.g3 Kd6
35.b4 Rxb4 36.Ra3 Rb1+ 37.Kg2 Ra1 38.Rb3 Ra2 39.Kf1 Kc7 40.f4 Ra1+ 41.Kg2 
Ra2 42.Kf1 a5 43.Rb5 a4 44.Ra5 a3 45.Ra8 Bc3 46.Kf2 Bb4 47.Ke3 Rb2 48.Bf3 
a2 0-1

[Event "21st Panam-ch"]
[Site "Mar del Plata ARG"]
[Date "2012.10.16"]
[Round "6.7"]
[White "Ortiz Suarez, Isan Reynaldo"]
[Black "Krysa, Leandro"]
[Result "1-0"]
[WhiteElo "2579"]
[BlackElo "2381"]
[EventDate "2012.10.12"]
[PlyCount "95"]

1.d4 Nf6 2.c4 g6 3.Nc3 d5 4.Bf4 Bg7 5.e3 O-O 6.Rc1 Be6 7.c5 c6 8.h3 b6 9.
b4 a5 10.cxb6 Qxb6 11.b5 a4 12.Bd3 cxb5 13.Nxb5 Bf5 14.Ne2 Qa5+ 15.Nec3 
Bxd3 16.Qxd3 Rc8 17.O-O Nbd7 18.Rc2 Qd8 19.Rb1 Bf8 20.Qd1 a3 21.Rb3 e6 22.
Qc1 Rc4 23.Bd6 Rac8 24.Bxf8 Qxf8 25.Qxa3 Qxa3 26.Nxa3 R4c6 27.Nab5 Ra8 28.
Rbb2 Kg7 29.Nb1 Rxc2 30.Rxc2 Nb6 31.Nd2 Ra5 32.Nc3 Ne8 33.Rb2 Ra6 34.Kf1 
Nd6 35.Ke2 Kf8 36.f3 f5 37.Kd3 Ke7 38.e4 Kd8 39.Nb3 Ndc4 40.Re2 dxe4+ 41.
fxe4 Ra3 42.exf5 exf5 43.Re6 Nb2+ 44.Kc2 N2a4 45.Nxa4 Nxa4 46.Kb1 Kd7 47.
d5 f4 48.h4 1-0

[Event "21st Panam-ch"]
[Site "Mar del Plata ARG"]
[Date "2012.10.16"]
[Round "6.8"]
[White "Rosito, Jorge"]
[Black "Hernandez Guerrero, Gilberto"]
[Result "1/2-1/2"]
[WhiteElo "2387"]
[BlackElo "2531"]
[EventDate "2012.10.12"]
[PlyCount "37"]

1.e4 c5 2.Nf3 e6 3.d4 cxd4 4.Nxd4 Nf6 5.Nc3 Nc6 6.Nxc6 bxc6 7.e5 Nd5 8.Ne4
Bb7 9.Be2 c5 10.O-O Qc7 11.Nd6+ Bxd6 12.exd6 Qc6 13.f3 c4 14.Qd4 O-O 15.
Bxc4 Qxd6 16.b3 Rfc8 17.Bxd5 Qxd5 18.Qxd5 Bxd5 19.c4 1/2-1/2

[Event "21st Panam-ch"]
[Site "Mar del Plata ARG"]
[Date "2012.10.16"]
[Round "6.11"]
[White "Fabian, Gaston"]
[Black "Hungaski, Robert"]
[Result "0-1"]
[WhiteElo "2344"]
[BlackElo "2451"]
[EventDate "2012.10.12"]
[PlyCount "80"]

1.d4 Nf6 2.c4 e6 3.Nc3 Bb4 4.e3 Bxc3+ 5.bxc3 c5 6.Bd3 Nc6 7.Ne2 d6 8.O-O 
e5 9.Ng3 O-O 10.d5 Ne7 11.f4 exf4 12.exf4 b5 13.cxb5 c4 14.Bxc4 Bb7 15.Be3
Qc7 16.Bd3 Qxc3 17.Rc1 Qa5 18.Bd4 Nexd5 19.Nh5 Rfc8 20.Nxf6+ Nxf6 21.Bxf6 
Rxc1 22.Qxc1 gxf6 23.Qe3 Qb6 24.Qxb6 axb6 25.Bc4 Rc8 26.Bb3 Kf8 27.Rd1 Ke7
28.Rd3 Rc5 29.a4 f5 30.Kf2 Be4 31.Rd4 d5 32.g3 Kd6 33.Bd1 Rc3 34.Rd2 Ra3 
35.Bh5 f6 36.Bd1 Kc5 37.h4 d4 38.h5 h6 39.Rb2 Kc4 40.Rd2 Kc3 0-1

[Event "21st Panam-ch"]
[Site "Mar del Plata ARG"]
[Date "2012.10.16"]
[Round "6.12"]
[White "Flores, Diego"]
[Black "Martinez De Negri, Gonzalo"]
[Result "1-0"]
[WhiteElo "2598"]
[BlackElo "2123"]
[EventDate "2012.10.12"]
[PlyCount "65"]

1.c4 Nf6 2.Nc3 g6 3.e4 d6 4.g3 Bg7 5.Bg2 O-O 6.Nge2 e5 7.O-O Be6 8.d3 Qd7 
9.f4 Bh3 10.f5 Bxg2 11.Kxg2 c6 12.h3 d5 13.g4 h6 14.Ng3 Rd8 15.cxd5 g5 16.
Rh1 cxd5 17.h4 gxh4 18.Rxh4 dxe4 19.Bxh6 Qxd3 20.Bxg7 Kxg7 21.g5 Qf3+ 22.
Qxf3 exf3+ 23.Kxf3 Ng8 24.f6+ Kf8 25.Rh8 Nc6 26.Rah1 Rd3+ 27.Kg4 e4 28.Nf5
Ne5+ 29.Kf4 Ng6+ 30.Kxe4 Rad8 31.Ne2 R3d5 32.Rxg8+ Kxg8 33.Ne7+ 1-0

[Event "21st Panam-ch"]
[Site "Mar del Plata ARG"]
[Date "2012.10.16"]
[Round "6.13"]
[White "Paiva, Pedro Henrique de"]
[Black "Mareco, Sandro"]
[Result "0-1"]
[WhiteElo "2289"]
[BlackElo "2581"]
[EventDate "2012.10.12"]
[PlyCount "100"]

1.e4 c5 2.Nf3 d6 3.d4 cxd4 4.Nxd4 Nf6 5.Nc3 a6 6.Bg5 Nbd7 7.f4 Qc7 8.Qe2 
b5 9.a3 e6 10.O-O-O Be7 11.h4 Rb8 12.g4 b4 13.axb4 Rxb4 14.f5 Nc5 15.Bg2 
Bb7 16.Rh3 O-O 17.Kb1 Rb8 18.Bc1 e5 19.Nb3 Nfxe4 20.Nxc5 Nxc3+ 21.Rxc3 
dxc5 22.Re3 Bxg2 23.Qxg2 c4 24.c3 R4b5 25.g5 a5 26.Rd5 f6 27.Re2 Qc8 28.
Qe4 Rxd5 29.Qxd5+ Kh8 30.Qe4 a4 31.Kc2 Qa6 32.Kd1 a3 33.bxa3 Bxa3 34.Ra2 
Qd6+ 35.Rd2 Qc5 36.Bxa3 Qxa3 37.Qxc4 Qa1+ 38.Ke2 Qg1 39.Qd3 Qg4+ 40.Kf1 
Rg8 41.g6 e4 42.Qd5 hxg6 43.fxg6 Qxg6 44.Rg2 Qh7 45.h5 Re8 46.Qd7 Re5 47.
Kg1 Qh6 48.c4 Qc1+ 49.Kf2 e3+ 50.Kf3 Qf1+ 0-1

[Event "21st Panam-ch"]
[Site "Mar del Plata ARG"]
[Date "2012.10.16"]
[Round "6.14"]
[White "Viana, Dirceu"]
[Black "Shabalov, Alexander"]
[Result "0-1"]
[WhiteElo "2275"]
[BlackElo "2570"]
[EventDate "2012.10.12"]
[PlyCount "61"]

1.e4 c5 2.Nc3 d6 3.g3 Nc6 4.Bg2 g6 5.d3 Bg7 6.Be3 Rb8 7.Qd2 b5 8.Nge2 Nd4 
9.O-O e6 10.Nd1 b4 11.Nc1 Ne7 12.c3 bxc3 13.bxc3 h6 14.f4 Ndc6 15.Nb3 Na5 
16.Nxa5 Qxa5 17.Rc1 f5 18.exf5 gxf5 19.d4 c4 20.d5 Nxd5 21.Bxd5 exd5 22.
Bd4 Bxd4+ 23.Qxd4 Qc5 24.Re1+ Kd7 25.Qxc5 dxc5 26.Re5 Kc6 27.Ne3 Rd8 28.
Rd1 d4 29.cxd4 Rxd4 30.Rxd4 cxd4 31.Nxc4 {Ilegible} 0-1

[Event "21st Panam-ch"]
[Site "Mar del Plata ARG"]
[Date "2012.10.16"]
[Round "6.18"]
[White "Real De Azua, Ernesto"]
[Black "Espinoza Palomino, Willyam"]
[Result "1-0"]
[WhiteElo "2482"]
[BlackElo "2265"]
[EventDate "2012.10.12"]
[PlyCount "62"]

1.c4 Nf6 2.Nc3 e5 3.Nf3 Nc6 4.g3 d5 5.cxd5 Nxd5 6.Bg2 Nb6 7.O-O Be7 8.a3 
O-O 9.b4 Be6 10.Rb1 f6 11.d3 a5 12.b5 Nd4 13.Nd2 Qc8 14.e3 Nf5 15.Qe2 Rd8 
16.Bb2 a4 17.Rfc1 Nd6 18.Nde4 Nf5 19.Nd2 Nd6 20.Nce4 Nxb5 21.Bxe5 Qd7 22.
Bxc7 Nxc7 23.Rxb6 Nd5 24.Nc4 Rac8 25.Rcb1 Rxc4 26.Rxe6 Qxe6 27.dxc4 Nb6 
28.c5 Nc4 29.Rxb7 Bf8 30.h4 Nxa3 31.Rb4 Qd7 1-0

[Event "21st Panam-ch"]
[Site "Mar del Plata ARG"]
[Date "2012.10.16"]
[Round "6.19"]
[White "Soppe, Guillermo"]
[Black "Perez, Maximiliano"]
[Result "1-0"]
[WhiteElo "2417"]
[BlackElo "2264"]
[EventDate "2012.10.12"]
[PlyCount "87"]

1.Nf3 Nf6 2.d4 g6 3.Bg5 Bg7 4.Nbd2 c5 5.e3 d6 6.c3 Nbd7 7.Bd3 b6 8.O-O O-O
9.a4 a6 10.e4 Ne8 11.Re1 Nc7 12.d5 f6 13.Be3 Rb8 14.Nc4 Ne8 15.Nfd2 Ne5 
16.Nxe5 fxe5 17.b4 cxb4 18.cxb4 Nf6 19.f3 Nh5 20.g3 a5 21.Rb1 Bd7 22.b5 
Kh8 23.Rc1 Nf6 24.Nc4 Be8 25.Bf1 Nd7 26.Bh3 Nc5 27.Kg2 Bd7 28.Bxc5 Bxh3+ 
29.Kxh3 dxc5 30.Kg2 Rb7 31.Qe2 Rd7 32.Red1 Qb8 33.Rc3 Rfd8 34.Rcd3 Kg8 35.
h4 Kf7 36.Qa2 Kf8 37.Qd2 Bf6 38.f4 Kg8 39.Rf1 Rf8 40.Rdf3 exf4 41.Qxf4 Qd8
42.Qg4 Kg7 43.Qe6 Rd6 44.Nxd6 1-0

[Event "21st Panam-ch"]
[Site "Mar del Plata ARG"]
[Date "2012.10.16"]
[Round "6.21"]
[White "Molina, Roberto Junio Brito"]
[Black "Cuevas, Alex"]
[Result "1-0"]
[WhiteElo "2400"]
[BlackElo "2263"]
[EventDate "2012.10.12"]
[PlyCount "61"]

1.d4 Nf6 2.c4 c5 3.d5 e6 4.Nc3 exd5 5.cxd5 d6 6.e4 g6 7.Bd3 Bg7 8.h3 O-O 
9.Nf3 a6 10.a4 Nh5 11.O-O Nd7 12.Re1 Re8 13.Bg5 Bf6 14.Be3 Ne5 15.Be2 
Nxf3+ 16.Bxf3 Ng7 17.Qd2 Qa5 18.Bf4 Be5 19.Bxe5 Rxe5 20.Nb1 Qd8 21.Na3 b5 
22.axb5 axb5 23.Nxb5 Rb8 24.Na7 Bd7 25.Ra6 Qe7 26.Rea1 f5 27.Nc6 Bxc6 28.
dxc6 fxe4 29.Bg4 Qc7 30.Bd7 Nf5 31.Ra7 1-0

[Event "21st Panam-ch"]
[Site "Mar del Plata ARG"]
[Date "2012.10.16"]
[Round "6.22"]
[White "Fusco, Leonardo"]
[Black "Fiori, Hector"]
[Result "1/2-1/2"]
[WhiteElo "2379"]
[BlackElo "2125"]
[EventDate "2012.10.12"]
[PlyCount "102"]

1.e4 c5 2.Nf3 e6 3.d4 cxd4 4.Nxd4 a6 5.Be2 Nf6 6.Nc3 Qc7 7.O-O Nc6 8.Be3 
d6 9.f4 Be7 10.Qe1 Bd7 11.Qg3 h5 12.f5 Nxd4 13.Bxd4 e5 14.Qxg7 O-O-O 15.
Bf2 Rh7 16.Qg3 Rg8 17.Qe3 Rhg7 18.Bf3 d5 19.Nxd5 Nxd5 20.exd5 Bxf5 21.Kh1 
e4 22.Bxe4 Bxe4 23.Qxe4 Rxg2 24.Qxg2 Rxg2 25.Kxg2 Qf4 26.Rae1 Qg5+ 27.Bg3 
Qxd5+ 28.Rf3 Qd2+ 29.Kf1 Qd5 30.Rc3+ Bc5 31.Re5 Qh1+ 32.Ke2 Qg2+ 33.Kd3 
Qf1+ 34.Ke4 b6 35.Bf4 Qe2+ 36.Kf5 Qg4+ 37.Ke4 Qe2+ 38.Kf5 Qg4+ 39.Ke4 Qg6+
40.Kf3 f6 41.Rexc5+ bxc5 42.Rxc5+ Kd7 43.Rc7+ Ke6 44.b3 Qg4+ 45.Ke3 Qg1+ 
46.Kf3 Kf5 47.Rc4 Qf1+ 48.Ke3 Qd1 49.Bg3 Kg5 50.a4 Kf5 51.Rf4+ Kg5 1/2-1/2

[Event "21st Panam-ch"]
[Site "Mar del Plata ARG"]
[Date "2012.10.16"]
[Round "6.23"]
[White "Gascon Del Nogal, Jose Rafael"]
[Black "Martinez Romero, Martin"]
[Result "0-1"]
[WhiteElo "2206"]
[BlackElo "2368"]
[EventDate "2012.10.12"]
[PlyCount "96"]

1.e4 c5 2.Nf3 d6 3.d4 cxd4 4.Nxd4 Nf6 5.Nc3 e6 6.Be3 a6 7.Be2 Be7 8.a4 O-O
9.O-O Nc6 10.f4 Qc7 11.Bf3 Bd7 12.Nb3 b6 13.g4 Bc8 14.g5 Nd7 15.Bg2 Re8 
16.Qh5 Nb4 17.Nd4 g6 18.Qh4 e5 19.fxe5 Nxe5 20.Nf3 Be6 21.Nxe5 dxe5 22.Qf2
Bc5 23.Bxc5 Qxc5 24.Qxc5 bxc5 25.Nd5 Bxd5 26.exd5 Rad8 27.Rf6 e4 28.Re1 
Nxd5 29.Rxa6 Nb4 30.Rf6 e3 31.c3 Nd3 32.Re2 Nc1 33.Re1 e2 34.Bf3 Rd2 35.a5
Nd3 36.Rxe2 Rexe2 37.Bxe2 Rxe2 38.Rd6 Re1+ 39.Kg2 Nxb2 40.Rc6 c4 41.a6 Ra1
42.Kf3 Nd1 43.Ke4 Nxc3+ 44.Kd4 Nb5+ 45.Kxc4 Nc7 46.Kb4 Nxa6+ 47.Kb5 Rh1 
48.Rc2 Nb8 0-1

[Event "21st Panam-ch"]
[Site "Mar del Plata ARG"]
[Date "2012.10.16"]
[Round "6.24"]
[White "Kanefsck, Gustavo"]
[Black "Palmiotto, Marco Ivan"]
[Result "1/2-1/2"]
[WhiteElo "2358"]
[BlackElo "1985"]
[EventDate "2012.10.12"]
[PlyCount "48"]

1.d4 Nf6 2.Nf3 g6 3.c4 Bg7 4.Nc3 d5 5.cxd5 Nxd5 6.g3 O-O 7.Bg2 c5 8.O-O 
cxd4 9.Nxd4 Nxc3 10.bxc3 a6 11.Rb1 e5 12.Nb3 Qc7 13.Ba3 Rd8 14.Qc1 Bf5 15.
e4 Bc8 16.Qe3 b6 17.Rfd1 Nc6 18.Nd2 b5 19.Bc5 Rb8 20.a4 Bg4 21.f3 Be6 22.
axb5 axb5 23.Bf1 Na5 24.Bb4 Nc4 1/2-1/2

[Event "21st Panam-ch"]
[Site "Mar del Plata ARG"]
[Date "2012.10.16"]
[Round "6.25"]
[White "Matamoros Franco, Carlos"]
[Black "Bouwman, Marcelo Wanderley"]
[Result "1-0"]
[WhiteElo "2534"]
[BlackElo "2233"]
[EventDate "2012.10.12"]
[PlyCount "87"]

1.Nf3 e6 2.c4 f5 3.g3 Nf6 4.Bg2 d5 5.O-O c6 6.d3 Bc5 7.Qc2 Qe7 8.b3 O-O 9.
Bb2 Nbd7 10.Nbd2 e5 11.cxd5 Nxd5 12.a3 Bd6 13.e4 fxe4 14.Nxe4 Bc7 15.Rae1 
N7f6 16.Nxe5 Bxe5 17.Nxf6+ Nxf6 18.Rxe5 Qd6 19.Rfe1 Bd7 20.Qc4+ Kh8 21.Qd4
Qxd4 22.Bxd4 a6 23.Re7 Rae8 24.b4 Kg8 25.Bxf6 gxf6 26.d4 Rxe7 27.Rxe7 Rf7 
28.Rxf7 Kxf7 29.d5 Ke7 30.dxc6 bxc6 31.Bf1 Bc8 32.f4 Kd6 33.Kf2 c5 34.Ke3 
cxb4 35.axb4 Kd5 36.Be2 h6 37.g4 Kc6 38.Kd4 Kb6 39.Kd5 Bd7 40.h4 Bb5 41.
Bxb5 a5 42.g5 fxg5 43.fxg5 hxg5 44.hxg5 1-0

[Event "21st Panam-ch"]
[Site "Mar del Plata ARG"]
[Date "2012.10.16"]
[Round "6.26"]
[White "Anino, Sergio"]
[Black "Barbosa, Evandro Amorim"]
[Result "0-1"]
[WhiteElo "2226"]
[BlackElo "2427"]
[EventDate "2012.10.12"]
[PlyCount "58"]

1.d4 Nf6 2.c4 g6 3.Nc3 d5 4.cxd5 Nxd5 5.Qb3 Nxc3 6.bxc3 Bg7 7.Ba3 O-O 8.
Rd1 b6 9.Nf3 Bb7 10.h4 c5 11.d5 Nd7 12.e4 Nf6 13.Qc2 e6 14.dxe6 Qe7 15.Ng5
Nxe4 16.Rd7 Bxc3+ 17.Qxc3 Qxd7 18.Nxe4 Qxe6 19.f3 Bxe4 20.fxe4 Qxe4+ 21.
Kf2 Rad8 22.Bb2 Qf4+ 23.Kg1 f6 24.Rh3 Kg7 25.h5 gxh5 26.Rxh5 Rd1 27.Rxh7+ 
Kxh7 28.Qc2+ Kg7 29.Qxd1 Qe3+ 0-1

[Event "21st Panam-ch"]
[Site "Mar del Plata ARG"]
[Date "2012.10.16"]
[Round "6.27"]
[White "Contreras Rodriguez, Henry"]
[Black "Lujan, Carolina"]
[Result "1-0"]
[WhiteElo "2220"]
[BlackElo "2379"]
[EventDate "2012.10.12"]
[PlyCount "97"]

1.e4 c5 2.Nf3 e6 3.d4 cxd4 4.Nxd4 a6 5.Nc3 b5 6.g3 Bb7 7.Bg2 Nf6 8.O-O b4 
9.Na4 Bxe4 10.Bxe4 Nxe4 11.Re1 Nc5 12.c3 Nxa4 13.Qxa4 Qb6 14.Be3 Bc5 15.
Nxe6 fxe6 16.Bxc5 Qxc5 17.Rxe6+ Kd8 18.cxb4 Qf5 19.Re2 Nc6 20.Rd1 Kc7 21.
Red2 Rhd8 22.h3 Qe4 23.Rc1 Kb7 24.Qd1 Kc7 25.Rd4 Qe6 26.Qd3 g6 27.a4 Kb7 
28.Rd6 Qf5 29.Qd2 Ne5 30.Qe3 Nc6 31.Rc5 Re8 32.Rxf5 Rxe3 33.Rxd7+ Kc8 34.
Rff7 Re1+ 35.Kg2 Ne5 36.Rc7+ Kd8 37.Rxh7 Rb8 38.Rcg7 Nc6 39.Rxg6 Ne7 40.
Rxa6 Rxb4 41.Ra7 Ke8 42.h4 Rxb2 43.h5 Ree2 44.Kh3 Re5 45.f4 Re3 46.h6 Rb1 
47.Kg4 Rg1 48.Rhxe7+ Rxe7 49.h7 1-0

[Event "21st Panam-ch"]
[Site "Mar del Plata ARG"]
[Date "2012.10.16"]
[Round "6.28"]
[White "Zuriel, Marisa"]
[Black "Santiago, Yago de Moura"]
[Result "0-1"]
[WhiteElo "2217"]
[BlackElo "2364"]
[EventDate "2012.10.12"]
[PlyCount "82"]

1.e4 c5 2.Nf3 d6 3.d4 cxd4 4.Nxd4 Nf6 5.Nc3 g6 6.Be3 Bg7 7.f3 Nc6 8.Qd2 
O-O 9.O-O-O d5 10.Qe1 e5 11.Nxc6 bxc6 12.exd5 Nxd5 13.Bc4 Be6 14.Ne4 Qc7 
15.Bc5 Rfd8 16.Qh4 h6 17.g4 Nf4 18.Bxe6 Nxe6 19.Bd6 Qa5 20.a3 Nd4 21.Bb4 
Qd5 22.c3 Qc4 23.Kb1 Ne6 24.Qf2 Nf4 25.Nd6 Qe6 26.h4 a5 27.Bc5 Rab8 28.Ba7
Ra8 29.Bc5 Rd7 30.Rd2 Rad8 31.Rhd1 Bf8 32.Ne4 Nd3 33.Rxd3 Rxd3 34.Rxd3 
Rxd3 35.Bxf8 Kxf8 36.g5 hxg5 37.hxg5 Kg7 38.Qe2 Rd8 39.Qa6 Qb3 40.Nf2 Rd2 
41.Nd3 Qc2+ 0-1

[Event "21st Panam-ch"]
[Site "Mar del Plata ARG"]
[Date "2012.10.16"]
[Round "6.30"]
[White "De Dovitiis, Alejo"]
[Black "Pardo Agudelo, Alejandro"]
[Result "1-0"]
[WhiteElo "2348"]
[BlackElo "2181"]
[EventDate "2012.10.12"]
[PlyCount "75"]

1.e4 c5 2.Nf3 d6 3.d4 cxd4 4.Nxd4 Nf6 5.Nc3 a6 6.h3 e6 7.g4 Be7 8.Bg2 O-O 
9.Be3 Nc6 10.O-O Nxd4 11.Qxd4 e5 12.Qd2 Be6 13.a4 Rc8 14.a5 Qc7 15.Rfc1 h6
16.Na4 Qb8 17.Nb6 Rc6 18.c4 Nh7 19.b4 Bg5 20.Bf1 Qd8 21.Rd1 Nf6 22.Bxg5 
hxg5 23.Qxg5 Rxb6 24.axb6 Qxb6 25.Qe3 Qxe3 26.fxe3 Nxe4 27.Bg2 f5 28.Rac1 
Rd8 29.c5 d5 30.c6 bxc6 31.Rxc6 Kf7 32.Rc7+ Kf6 33.Bxe4 fxe4 34.Rf1+ Kg6 
35.Rc6 Re8 36.Rf5 d4 37.Rxe5 Kf6 38.exd4 1-0

[Event "21st Panam-ch"]
[Site "Mar del Plata ARG"]
[Date "2012.10.16"]
[Round "6.31"]
[White "Ferro, Ezequiel"]
[Black "Leiva, Giuseppe"]
[Result "1/2-1/2"]
[WhiteElo "2214"]
[BlackElo "2321"]
[EventDate "2012.10.12"]
[PlyCount "115"]

1.d4 Nf6 2.c4 e6 3.Nc3 Bb4 4.e3 O-O 5.Ne2 d5 6.a3 Be7 7.cxd5 exd5 8.g3 c6 
9.Bg2 Na6 10.O-O Nc7 11.f3 c5 12.dxc5 Bxc5 13.b4 Be7 14.Nf4 b6 15.Rf2 Bb7 
16.Rd2 a5 17.Rb1 axb4 18.axb4 Qb8 19.g4 Bd6 20.Nce2 Ne6 21.Rc2 Rd8 22.Nxe6
fxe6 23.h3 e5 24.Ng3 g6 25.g5 Ne8 26.h4 Ng7 27.Rd2 Qc7 28.Qb3 Qc4 29.Qxc4 
dxc4 30.Ne4 Be7 31.f4 Rxd2 32.Bxd2 Ra2 33.Nf6+ Bxf6 34.Bxb7 Rxd2 35.gxf6 
c3 36.Be4 c2 37.Bxc2 Rxc2 38.fxg7 exf4 39.exf4 Kxg7 40.h5 gxh5 41.Rd1 Rc4 
42.Rd7+ Kg8 43.f5 Rxb4 44.Rb7 Rb2 45.f6 h6 46.Kf1 h4 47.Kg1 h3 48.Kh1 b5 
49.Kg1 b4 50.Kh1 b3 51.Kg1 Rg2+ 52.Kh1 Rb2 53.Kg1 h2+ 54.Kh1 Kf8 55.Rh7 
Kg8 56.Rg7+ Kh8 57.Rg8+ Kxg8 58.f7+ 1/2-1/2

[Event "21st Panam-ch"]
[Site "Mar del Plata ARG"]
[Date "2012.10.16"]
[Round "6.33"]
[White "Fiori, Alberto Nicolas"]
[Black "Estrada Nieto, Julian"]
[Result "0-1"]
[WhiteElo "2159"]
[BlackElo "2310"]
[EventDate "2012.10.12"]
[PlyCount "56"]

1.e4 e5 2.Nf3 Nc6 3.Bb5 a6 4.Ba4 Nf6 5.O-O Be7 6.Re1 b5 7.Bb3 d6 8.c3 O-O 
9.h3 Na5 10.Bc2 c5 11.d4 Qc7 12.Nbd2 cxd4 13.cxd4 Bd7 14.Nf1 Rac8 15.Ne3 
Nc6 16.dxe5 dxe5 17.Bb3 Na5 18.Bd5 Nc6 19.Bd2 Qb8 20.Bc3 Bd6 21.a3 Ne7 22.
Bb3 Nxe4 23.Bxe5 Bxe5 24.Qxd7 Nc5 25.Qxe7 Bf6 26.Nd5 Bxe7 27.Nxe7+ Kh8 28.
Nxc8 Nxb3 0-1

[Event "21st Panam-ch"]
[Site "Mar del Plata ARG"]
[Date "2012.10.16"]
[Round "6.34"]
[White "Arcos Facio, Mateo"]
[Black "Reis, Renan do Carmo"]
[Result "0-1"]
[WhiteElo "2174"]
[BlackElo "2306"]
[EventDate "2012.10.12"]
[PlyCount "122"]

1.e4 c5 2.Nf3 d6 3.d4 cxd4 4.Nxd4 Nf6 5.Nc3 a6 6.Be2 e5 7.Nb3 Be7 8.O-O 
O-O 9.Be3 Be6 10.Nd5 Nxd5 11.exd5 Bf5 12.Qd2 Nd7 13.Na5 Qc7 14.c4 Bg6 15.
b4 f5 16.f4 Bf6 17.Rac1 b6 18.Nc6 Rae8 19.g3 exf4 20.gxf4 Bf7 21.Bf3 g6 
22.a4 Bg7 23.Qf2 h6 24.Kh1 Kh7 25.Rg1 Bf6 26.Rg2 Rg8 27.Rcg1 Bh4 28.Qxh4 
Rxe3 29.Bh5 b5 30.Ne7 Qd8 31.Bxg6+ Bxg6 32.Rxg6 Rxg6 33.Nxg6 Qe8 34.Qf2 
Qe4+ 35.Qg2 Qxg2+ 36.Kxg2 Re4 37.axb5 Kxg6 38.Kf3+ Kf7 39.bxa6 Rxc4 40.Ra1
Nb6 41.a7 Na8 42.Ra6 Rc3+ 43.Kf2 Ke7 44.Rc6 Rxc6 45.dxc6 d5 46.Ke3 Kd6 47.
Kd4 Nc7 48.Kd3 Kxc6 49.b5+ Kxb5 50.Kd4 Kc6 51.Ke5 Kc5 52.Kxf5 d4 53.Kg6 d3
54.f5 d2 55.f6 d1=Q 56.f7 Qd6+ 57.Kg7 Ne6+ 58.Kf6 Nc7+ 59.Kg7 Qe7 60.Kg8 
Qg5+ 61.Kh8 Qf6+ 0-1

[Event "21st Panam-ch"]
[Site "Mar del Plata ARG"]
[Date "2012.10.16"]
[Round "6.35"]
[White "Pichot, Alan"]
[Black "Benedetti, Julio"]
[Result "1-0"]
[WhiteElo "2300"]
[BlackElo "2117"]
[EventDate "2012.10.12"]
[PlyCount "111"]

1.e4 c5 2.Nf3 d6 3.d4 cxd4 4.Nxd4 Nf6 5.Nc3 g6 6.Be2 Bg7 7.Be3 Nc6 8.Nb3 
Be6 9.f4 O-O 10.g4 Na5 11.f5 Bc4 12.Nxa5 Bxe2 13.Qxe2 Qxa5 14.O-O-O Rfc8 
15.Bd4 e5 16.fxe6 fxe6 17.e5 dxe5 18.Bxe5 Rc6 19.Rhf1 Rf8 20.g5 Ne8 21.
Rxf8+ Kxf8 22.Qf3+ Ke7 23.Bxg7 Qxg5+ 24.Kb1 Nxg7 25.Ne4 Qe5 26.Qd3 Qc7 27.
Qh3 Nh5 28.Qa3+ Kf7 29.Nd6+ Kg8 30.Nb5 Qf7 31.Nxa7 Ra6 32.Qc5 Nf6 33.Rf1 
Kg7 34.Nb5 e5 35.Nc3 e4 36.a3 Re6 37.h4 Qe7 38.Qe3 Qd6 39.h5 Nxh5 40.Nxe4 
Qe5 41.Qf3 Nf6 42.Nxf6 Qxf6 43.Qxb7+ Qe7 44.Qxe7+ Rxe7 45.b4 h5 46.c4 h4 
47.b5 g5 48.b6 h3 49.c5 Rb7 50.a4 g4 51.Rf4 g3 52.Rg4+ Kf7 53.Rxg3 Ke6 54.
Rxh3 Kd5 55.Rc3 Kc6 56.a5 1-0

[Event "21st Panam-ch"]
[Site "Mar del Plata ARG"]
[Date "2012.10.16"]
[Round "6.36"]
[White "Souza Neves, Andrey"]
[Black "Supi, Luis Paulo"]
[Result "0-1"]
[WhiteElo "2147"]
[BlackElo "2287"]
[EventDate "2012.10.12"]
[PlyCount "128"]

1.e4 c5 2.Nf3 Nc6 3.d3 g6 4.g3 Bg7 5.Bg2 e5 6.O-O Nge7 7.c4 O-O 8.Nc3 d6 
9.a3 f5 10.exf5 Bxf5 11.Nh4 Be6 12.Bg5 Qd7 13.Nd5 Bg4 14.b4 Nxd5 15.Bxd5+ 
Be6 16.Rb1 Rab8 17.Qa4 cxb4 18.axb4 b5 19.Bxe6+ Qxe6 20.cxb5 Nd4 21.Be3 
Ne2+ 22.Kh1 Qd5+ 23.Ng2 Nc3 24.Qb3 Qxb3 25.Rxb3 Nxb5 26.Rc1 Rfc8 27.Rbb1 
Kf7 28.Ne1 Ke6 29.Nf3 h6 30.Nd2 Kd7 31.Rc4 d5 32.Rg4 Rc6 33.Bc5 h5 34.Rh4 
Bf6 35.Rh3 a5 36.g4 a4 37.gxh5 gxh5 38.Rxh5 a3 39.Nb3 Rh8 40.Rf5 Rh3 41.
Be3 Ke6 42.Kg2 Kxf5 43.Kxh3 Rc3 44.Nc1 e4 45.d4 Bxd4 46.Ne2 Be5 47.Nxc3 
Bxc3 48.Rd1 a2 49.Rxd5+ Ke6 50.Rd1 Na3 51.Bc5 Ke5 52.b5 Nxb5 53.Kg3 Nd4 
54.Bxd4+ Bxd4 55.Kg4 a1=Q 56.Rxa1 Bxa1 57.h4 Bd4 58.Kg3 Kf5 59.h5 Bg7 60.
Kg2 Bh6 61.Kg3 Kg5 62.f3 e3 63.f4+ Kxh5 64.Kf3 Bxf4 0-1

[Event "21st Panam-ch"]
[Site "Mar del Plata ARG"]
[Date "2012.10.16"]
[Round "6.37"]
[White "Pineiro, Dario"]
[Black "Tokman, Ariel"]
[Result "1/2-1/2"]
[WhiteElo "2141"]
[BlackElo "2283"]
[EventDate "2012.10.12"]
[PlyCount "123"]

1.c4 Nf6 2.g3 d6 3.Bg2 Nbd7 4.Nc3 e5 5.Nf3 c6 6.O-O Be7 7.Rb1 O-O 8.b4 d5 
9.b5 d4 10.bxc6 bxc6 11.Na4 Qc7 12.d3 Ba6 13.Bd2 h6 14.Qc2 c5 15.Nh4 Rae8 
16.Nf5 Bd8 17.Qc1 Re6 18.e3 Bc8 19.exd4 cxd4 20.c5 Ra6 21.Rb4 Nb8 22.Nxd4 
exd4 23.Bf4 Qd7 24.Bxb8 Nd5 25.Rxd4 Bb7 26.c6 Qxc6 27.Bxd5 Qxc1 28.Rxc1 
Bxd5 29.Rxd5 Rxa4 30.Bd6 Re8 31.Rc8 Kh7 32.Kg2 Rxa2 33.Bc5 Rc2 34.d4 Ree2 
35.Rf5 Bf6 36.Ra8 Kg6 37.Rf3 Ra2 38.Rxa7 Rxa7 39.Bxa7 Rd2 40.Rf4 Bg5 41.
Re4 f5 42.Re5 h5 43.h4 Bh6 44.d5 Kf6 45.Bb8 g6 46.Re6+ Kf7 47.Re1 Rxd5 48.
Bc7 Rd3 49.Be5 Bf8 50.Bf4 Bc5 51.Rc1 Be7 52.Re1 Rc3 53.Re2 Rc4 54.Kf3 Bc5 
55.Kg2 Rc3 56.Be5 Rb3 57.Bf4 Be7 58.Bc1 Bd6 59.Bg5 Rd3 60.Re1 Rd4 61.Kf3 
Rd3+ 62.Kg2 1/2-1/2

[Event "21st Panam-ch"]
[Site "Mar del Plata ARG"]
[Date "2012.10.16"]
[Round "6.38"]
[White "Paveto, Kevin"]
[Black "Arango, Andres Mauricio"]
[Result "1-0"]
[WhiteElo "2282"]
[BlackElo "2140"]
[EventDate "2012.10.12"]
[PlyCount "49"]

1.e4 c5 2.Nf3 e6 3.d4 cxd4 4.Nxd4 Nf6 5.Bd3 Nc6 6.Nxc6 bxc6 7.O-O d5 8.Nd2
Be7 9.Qe2 O-O 10.c4 a5 11.b3 a4 12.Bb2 Qb6 13.cxd5 cxd5 14.exd5 Nxd5 15.
Nc4 Qa7 16.Rac1 axb3 17.axb3 Qb8 18.Be4 Rd8 19.Ne5 Bb7 20.Bxh7+ Kf8 21.Qh5
g6 22.Qh6+ Ke8 23.Bxg6 Bf6 24.Bxf7+ Ke7 25.Ng6+ 1-0